Purvararti kavyashashtariaya avdharna tatha shraparkasha (Record no. 30948)

MARC details
000 -LEADER
fixed length control field 00490nam a2200169Ia 4500
008 - FIXED-LENGTH DATA ELEMENTS--GENERAL INFORMATION
fixed length control field 230917s9999||||xx |||||||||||||| ||und||
020 ## - ISBN
Price RS995
040 ## - CATALOGING SOURCE
-- 255239
Original cataloging agency VIVEKANANDA LIBRARY
041 ## - Language
-- English
082 ## - DDC NUMBER
Classification number 891.2109 M687P
100 ## - MAIN ENTRY--PERSONAL NAME
Personal name Mishr, Mukesh Kumar
245 #0 - TITLE STATEMENT
Title Purvararti kavyashashtariaya avdharna tatha shraparkasha
260 ## - PUBLICATION, DISTRIBUTION, ETC. (IMPRINT)
Place of publication, distribution, etc Delhi
Name of publisher, distributor, etc Parimal Publications
Date of publication, distribution, etc 2018
300 ## - PHYSICAL DESCRIPTION
Pages xxxvii, 680 p.
500 ## - GENERAL NOTE
General note 3458 08/04/2019 HBD19/4003 28/03/2019 Sanskrit SAP
942 ## - ADDED ENTRY ELEMENTS (KOHA)
Koha item type Books
Holdings
Withdrawn status Lost status Damaged status Not for loan Location (home branch) Sublocation or collection (holding branch) Date acquired Koha issues (times borrowed) Koha full call number Accession No. Koha date last seen Koha item type
        VIVEKANANDA LIBRARY VIVEKANANDA LIBRARY 30/04/2019   891.2109 M687P 383224 17/09/2023 Books
© Designed and Maintained by Vivekananda Library, MDU Rohtak